Human biology for A2 / (Record no. 2989)
[ view plain ]
| 000 -LEADER | |
|---|---|
| fixed length control field | 00613nam a22002172 4500 |
| 001 - CONTROL NUMBER | |
| control field | 0000005839 |
| 005 - DATE AND TIME OF LATEST TRANSACTION | |
| control field | 20151217145826.0 |
| 008 - FIXED-LENGTH DATA ELEMENTS--GENERAL INFORMATION | |
| fixed length control field | 070719s xx 000 0 eng d |
| 020 ## - INTERNATIONAL STANDARD BOOK NUMBER | |
| International Standard Book Number | 0521548926 : |
| Terms of availability | KES 2,400 |
| 040 ## - CATALOGING SOURCE | |
| Original cataloging agency | KABU |
| Transcribing agency | KABU |
| 050 #0 - LIBRARY OF CONGRESS CALL NUMBER | |
| Classification number | QP34.5 |
| Item number | .J66 |
| 100 1# - MAIN ENTRY--PERSONAL NAME | |
| Personal name | Jones, Mary. |
| -- | 0000155239 |
| 245 10 - TITLE STATEMENT | |
| Title | Human biology for A2 / |
| Statement of responsibility, etc. | Mary Jones, Geoff Jones. |
| 260 ## - PUBLICATION, DISTRIBUTION, ETC. (IMPRINT) | |
| Place of publication, distribution, etc. | Cambridge : |
| Name of publisher, distributor, etc. | CUP, |
| Date of publication, distribution, etc. | 2005. |
| 300 ## - PHYSICAL DESCRIPTION | |
| Extent | vi, 298 p. |
| 650 #0 - SUBJECT ADDED ENTRY--TOPICAL TERM | |
| Topical term or geographic name as entry element | Human biology. |
| -- | 0000155214 |
| 700 1# - ADDED ENTRY--PERSONAL NAME | |
| Personal name | Jones, Geoff. |
| -- | 0000155240 |
| 908 ## - PUT COMMAND PARAMETER (RLIN) | |
| Put command parameter | 070719 |
| 950 ## - LOCAL HOLDINGS (RLIN) | |
| -- | 1 |
| Withdrawn status | Lost status | Source of classification or shelving scheme | Not for loan | Home library | Current library | Date acquired | Total Checkouts | Full call number | Barcode | Date last seen | Date last checked out | Price effective from | Koha item type |
|---|---|---|---|---|---|---|---|---|---|---|---|---|---|
| Library of Congress Classification | Kabarak, Main Campus | Kabarak, Main Campus | 17/12/2015 | 3 | QP34.5 .J66 | 004434 | 06/12/2022 | 21/11/2022 | 17/12/2015 | General Collection |